| 000 | 01012nam a22002175i 4500 | ||
|---|---|---|---|
| 001 | 166993 | ||
| 003 | ES-MaACL | ||
| 005 | 20250727024456.0 | ||
| 008 | 960719m18441845sp |||| | spa d | ||
| 040 |
_aCLM _bspa _cCLM |
||
| 100 | 1 |
_aVarela de Montes, José. _9133552 |
|
| 245 | 1 | 0 |
_aEnsayo de antropología ó sea historia fisiologica del hombre en sus relaciones con las ciencias sociales y especialmente con la patología y la higiene / _cpor José Varela de Montes. |
| 260 |
_aMadrid : _b[s.n.], _c1844-1845 ( _fImprenta y fundición de Eusebio Aguado) |
||
| 300 |
_a4 v. (XXIV, 478 p., [3] h. de lám. ; 542 ; 502 ; 370 p.) ; _c19 cm. |
||
| 505 | 8 | _aContiene: t.I. Prolegómenos -- t. II. Prolegómenos -- t.III. Funciones -- t. IV. Funciones | |
| 596 | 1 | _aImp. del t. IV: P. Madoz y L. Sagasti. | |
| 650 | 7 |
_aAntropología física _2embne _99893 |
|
| 650 | 4 |
_aFisiología humana. _912890 |
|
| 852 |
_aES-MaACL _jG-10241-10242 _z-- Enc. hol. _q-- Falto del t.IV |
||
| 999 |
_c166993 _d166993 |
||